Sports Quiz

Random Sports Quiz

NCAA Nicknames Not Ending with 'S' Quiz Stats

 Plays Quiz not verified by Sporcle

Also try: MLS Teams
Challenge
Share
Tweet
Embed
Score 0/27 Timer 10:00
0 Plays Today
Nickname % Correct
Cardinal
89.2%
Crimson
81.9%
Fighting Irish
79.5%
Crimson Tide
75.9%
Orange
73.5%
Fighting Illini
72.3%
Green Wave
68.7%
Big Red
59%
Mean Green
59%
Midshipmen
57.8%
Wolfpack
56.6%
Wolf Pack
56.6%
Golden Hurricane
54.2%
Big Green
47%
Nickname % Correct
Thundering Herd
45.8%
Fighting Sioux
43.4%
Red Storm
43.4%
Minutemen
42.2%
Bison
38.6%
Bison
38.6%
Bison
38.6%
Phoenix
24.1%
Phoenix
24.1%
Blue Hose
19.3%
Tribe
19.3%
Pride
18.1%
Red Flash
14.5%

You're not logged in!

Compare scores with friends on all Sporcle quizzes.
OR
Log In

You Might Also Like...

Show Comments

Extras

Created Aug 7, 2011ReportNominate
Tags:NCAA Nicknames

Top Quizzes Today


Score Distribution

Your Account Isn't Verified!

In order to create a playlist on Sporcle, you need to verify the email address you used during registration. Go to your Sporcle Settings to finish the process.

Report this User

Report this user for behavior that violates our Community Guidelines.

Details: